Ageing and the care of older people in Europe
Αποθηκεύτηκε σε:
| Κύριος συγγραφέας: | |
|---|---|
| Μορφή: | Βιβλίο |
| Γλώσσα: | English |
| Δημοσίευση: |
New York :
St. Martin's Press,
c1994
|
| Θέματα: | |
| Ετικέτες: |
Προσθήκη ετικέτας
Δεν υπάρχουν, Καταχωρήστε ετικέτα πρώτοι!
|
MARC
| LEADER | 00000nam a2200000 i 4500 | ||
|---|---|---|---|
| 001 | 1/103148 | ||
| 008 | 000301s1994 eng d | ||
| 020 | |a 0-333-58749-9 | ||
| 035 | |l 10058359 | ||
| 040 | |a GR-MY-UA |b gre |e aacr | ||
| 041 | 0 | |a eng | |
| 082 | 0 | |a 362.63094 | |
| 100 | 1 | |a Hugman, Richard |d 1954- | |
| 245 | 1 | 0 | |a Ageing and the care of older people in Europe / |c Richard Hugman |
| 260 | |a New York : |b St. Martin's Press, |c c1994 | ||
| 300 | |a x, 199 p. | ||
| 504 | |a Includes bibliographical references and index | ||
| 650 | 0 | 0 | |a Older people |x Care |z Europe. |
| 650 | 0 | 0 | |a Older people |x Social aspects |z Europe. |
| 852 | |a INST |b LESVOS |e 20000301 |h 362.63094 HUG |p 005100020615 |q 005100020615 |t BK |y 0 | ||
| 901 | |a BIBL1-2000-1 | ||
| 909 | |a Λ |b 073400 | ||
| 922 | |a 1ΕΛΗ |b 199912 |c ΚΠΣ/ΤΚ |d GLORY | ||
| 950 | |a 103-1999-12-8 | ||
| 970 | |a ΤΖΑΦΕΡΗ |b ΕΥΑΓΓΕΛΙΑ |z 2000/03/23 | ||